Camp minecraft members - Statistics

General Stats
  • This quiz has been taken 112 times
  • The average score is 6 of 9
Answer Stats
Hint Answer % Correct
s sigils
93%
b biffle wiffle
86%
h Henwy
80%
s ssundee
80%
k karangutan
74%
g goldactual
73%
n nicovald
72%
a ambrew
48%
g graser
15%
No matching quizzes found
Score Distribution
Percent of People with Each Score
Percentile by Number Answered
Your Score History
You have not taken this quiz